Statistics for Biggest Asian Countries In 1950 By Population

Click here to take the quiz!

General Stats

  • This quiz has been taken 31 times
  • The average score is 18 of 20

Answer Stats

HintAnswer% Correct
541,318,000China
100%
353,104,000India
100%
68,863,000Indonesia
100%
83,656,000Japan
100%
39,336,000Bangladesh
93%
16,641,000Iran
93%
20,160,000South Korea
93%
17,573,000Myanmar
90%
11,395,000North Korea
90%
37,459,000Pakistan
90%
7,468,000Taiwan
90%
20,167,000Thailand
90%
20,715,000Turkey
90%
24,830,000Vietnam
90%
7,437,000Afghanistan
87%
18,062,000Philippines
83%
6,541,000Kazakhstan
73%
8,309,000Nepal
73%
6,168,000Uzbekistan
73%
7,876,000Sri Lanka
60%

Score Distribution

Percentile by Number Answered

Percent of People with Each Score

Your Score History

You have not taken this quiz